Normal view
MARC view
- Business analysts
Entry Topical Term
001 - CONTROL NUMBER
- control field: 9335
003 - CONTROL NUMBER IDENTIFIER
- control field: OSt
005 - DATE AND TIME OF LATEST TRANSACTION
- control field: 20220105114059.0
008 - FIXED-LENGTH DATA ELEMENTS
- fixed length control field: 220105|| aca||aabn | a|a d
040 ## - CATALOGING SOURCE
- Original cataloging agency: OSt
- Transcribing agency: OSt
150 ## - HEADING--TOPICAL TERM
- Topical term or geographic name entry element: Business analysts
670 ## - SOURCE DATA FOUND
- Source citation: Work cat.: (OSt): Pherson, Katherine Hibbs 9334, Critical thinking for strategic intelligence

PORTAL AKMAL
E-MEL JKDM
AKMAL2U
G-BAM
u-PUSTAKA